| 000 | 01513nam a22004097a 4500 | ||
|---|---|---|---|
| 001 | 3575622 | ||
| 003 | OSt | ||
| 005 | 20210422062708.0 | ||
| 008 | 990413s1999 mdua bi 001 0 eng | ||
| 010 | _a 99023936 | ||
| 020 | _a0834213672 | ||
| 040 |
_aeng _cDLC _deng _beng |
||
| 041 | _aeng | ||
| 042 | _apcc | ||
| 050 | 0 | 0 |
_aRA971 _b.P67 1999 |
| 080 |
_a614 _bW-68 |
||
| 082 | 0 | 0 |
_a362.1/068 _221 |
| 100 | 1 | _aWilson, Cathleen Krueger. | |
| 245 | 1 | 0 |
_aLeading the revolution in health care : _badvancing systems, igniting performance / _c/ by: Aspen Publishers |
| 250 | _a2nd edition | ||
| 260 |
_aGaithersburg, Md. : _bAspen Publishers _c1999. |
||
| 300 |
_axv, 484 p. : _bill. ; _c24 cm. |
||
| 500 | _a"An Aspen publication." | ||
| 500 | _aPrev. ed. cataloged under: Porter-O'Grady, Timothy. | ||
| 500 | _aPrev. ed. published with title: The leadership revolution in health care. | ||
| 504 | _aIncludes bibliographical references and index. | ||
| 650 | 0 | _aHealth services administration. | |
| 650 | 0 |
_aPublic Health _9337 |
|
| 650 | 0 | _aLeadership. | |
| 650 | 0 | _aOrganizational change. | |
| 653 | _aსაზოგადოებრივი ჯანდაცვა | ||
| 700 | 2 | _aPorter-O'Grady, Timothy. | |
| 700 | 2 |
_aPorter-O'Grady, Timothy. _tLeadership revolution in healthcare. |
|
| 906 |
_a7 _bcbc _corignew _d1 _eocip _f19 _gy-gencatlg |
||
| 942 |
_2udc _cBK _e2 |
||
| 999 |
_c815 _d815 |
||